000 00602nam a2200157 a 4500
001 000031577
005 20200930063028.0
008 110627s1983 it c 000 0 spa d
040 _aDO-SdBNP
_bspa
_cBNPHU
082 _axxxx
_bC729p
245 0 0 _aCombatir contra la pobreza rural :
_bprograma de acción de la FAO para la reorma agraria y el desarrollo rural /
_cprefacio Edouard Saouma.
260 _aRoma :
_bOrganización de las Naciones Unidas para la Agricultura y la Alimentación,
_c1983.
300 _aiii, 43 p. :
_bretrs. ;
_c22 cm.
700 1 2 _aSaouma, Edouard,
_epref.
_957917
049 _aBNGR
999 _c31069
_d31069